Analytische Chemie Grundlagen, Methoden und Praxis
Gespeichert in:
| 1. Verfasser: | |
|---|---|
| Format: | Buch |
| Sprache: | Deutsch |
| Veröffentlicht: |
Weinheim
Wiley-VCH-Verl.
2008
|
| Ausgabe: | 2., vollst. überarb. Aufl. |
| Schlagworte: | |
| Online-Zugang: | Im OPAC anzeigen |
| Tags: |
Keine Tags, Fügen Sie das erste Tag hinzu!
|
MARC
| LEADER | 00000nam a2200000 a 4500 | ||
|---|---|---|---|
| 005 | 20260127134323.0 | ||
| 008 | 111201 2011 000 0 ger d | ||
| 020 | |a 9783527312061 | ||
| 035 | |a vtls010327838 | ||
| 039 | 9 | |y 201112011157 |z mschk03 | |
| 040 | |a STUSCHK1 |b slo |c STUSCHK1 |e AACR2 | ||
| 080 | |a 543 | ||
| 100 | 1 | |a Schvedt, Georg | |
| 245 | 1 | |a Analytische Chemie |b Grundlagen, Methoden und Praxis |c Georg Schwedt | |
| 250 | |a 2., vollst. überarb. Aufl. | ||
| 260 | |a Weinheim |b Wiley-VCH-Verl. |c 2008 | ||
| 300 | |a ix, 542 s. |b ill. |c 25 cm | ||
| 650 | 0 | |a Analytische Chemie |x Lehrbuch | |
| 910 | |a SCHK95 | ||
| 919 | |a 978-3-527-31206-1 | ||
| 999 | |c 9741 |d 9741 | ||